Jobs by Emoji Quiz Stats

 Plays Quiz Updated Apr 25, 2018

Score 0/15 Timer 03:00
7 Plays Today
Hint Answer % Correct
Chef
96.9%
Teacher
96.5%
Artist
96.3%
Health Worker
96.3%
Farmer
95.8%
Firefighter
95.7%
Sleuth
95.1%
Judge
95%
Hint Answer % Correct
Scientist
94.9%
Astronaut
94.3%
Police Officer
93.5%
Mechanic
92.8%
Construction Worker
91.8%
Pilot
91.6%
Factory Worker
79.6%

You're not logged in!

Compare scores with friends on all Sporcle quizzes.
OR
Log In

Sporcle TV

Today on Sporcle TV


Watch our educational content, quiz creation guides, and fun videos on Sporcle TV.

Show Comments

Extras

Top Quizzes Today


Score Distribution

Your Account Isn't Verified!

In order to create a playlist on Sporcle, you need to verify the email address you used during registration. Go to your Sporcle Settings to finish the process.

Report this User

Report this user for behavior that violates our Community Guidelines.

Details: